000 00959cam a2200217 4500
001 WS120411
008 021111n 000 0 eng u
035 _a(Sirsi) u120411
110 _aSwirski, Barbara
245 _aClick on Costs
520 _aWeb site giving a guide to how solicitors charge for their service and how to choose a solicitor. Includes pages on how to deal with contentious costs, the Client Care Code 1999 which gives information your solicitor must tell you drafted by the Law Society, a glossary of terms, details of all the UK county courts and a self-help pack to help you make the best choice in choosing a solicitor.
650 _aSOLICITORS
650 _aCONTENTIOUS COCTS
650 _aLEGAL COSTS
650 _aCLIENT CARE CODE
650 _aGLOSSARY
650 _aCOUNTY COURTS
690 _aLAW
856 4 0 _uhttps://www.clickoncosts.co.uk
_zView the website free of charge at www.clickoncosts.co.uk...
942 _n0
999 _c120197
_d120197